Ex-post assessment of the global european strategy

Obchodná politika a obchodná stratégia Európskej únie. Prioritné oblasti obchodnej stratégie EÚ v rokoch 2006-2010 a vývoj obchodu s tovarom v EÚ počas tohto obdobia. Dlhodobé trendy vo svetovej ekonomike ako faktor ovplyvňujúci obchodnú politiku EÚ.

Na minha lista:
Detalhes bibliográficos
Autor principal: Fojtíková, Lenka
Formato: Capítulo de Livro
Idioma:inglês
Assuntos:
Tags: Adicionar Tag
Sem tags, seja o primeiro a adicionar uma tag!

MARC

LEADER 00000naa a2200000 4500
001 0157756
005 20231129091725.5
041 0 |a eng 
044 |a CZ 
245 1 0 |a Ex-post assessment of the global european strategy  |c Lenka Fojtíková 
520 |a Obchodná politika a obchodná stratégia Európskej únie. Prioritné oblasti obchodnej stratégie EÚ v rokoch 2006-2010 a vývoj obchodu s tovarom v EÚ počas tohto obdobia. Dlhodobé trendy vo svetovej ekonomike ako faktor ovplyvňujúci obchodnú politiku EÚ. 
610 2 0 |a politika obchodná 
610 2 0 |a stratégia obchodná 
610 2 0 |a integrácia ekonomická 
610 2 0 |a bilancia obchodná 
610 2 0 |a Svetová obchodná organizácia 
610 2 0 |a doložka výhod najvyšších 
610 2 0 |a dohody obchodné medzinárodné 
610 2 0 |a Európska únia 
100 1 |a Fojtíková, Lenka